000 00402 a2200145 4500
999 _c4145
_d4145
020 _a9781560109976
050 _aNC 892 CAR 2006
100 _aCardaci, Diane
_eauthor
245 _aRealistic textures :
_cDiane Cardaci
264 _aU.S.A.:
_bWalter Foster Publishing, Inc.,
_c2006
300 _a64p.:
_bill.
500 _aNo index
650 _aMaterials and techniques
942 _2lcc
_cBK
_h892
_iCAR
_kNC